000 00751naa a2200241 u 4500
001 05737
003 HDC
008 201225t xx o 000 0 eng
022 _a0583-3655
040 _aHDC
245 4 _aTHE HALAL MEAT MARKET
260 _a[No Place] :
_b[publisher not identified],
_c[no year]
300 _a44 pages
336 _atext
_2rdacontent
337 _acomputer
_2rdamedia
338 _aonline resource
_2rdacarrier
650 _aHalal industry
_9144
650 _aHalal market
_9582
856 _zRequest full-text at [email protected]
942 _2lcc
942 _cEBOOK
942 _kEBOK 001446
999 _c3061
_d3061